[Event "18. Copenhagen Open (Politiken Cup)"]
[Site "Brondby"]
[Date "1996.??.??"]
[Round "8"]
[White "Rossen, Claus"]
[Black "Salo, Tapio"]
[Result "1/2-1/2"]
[WhiteElo "2080"]
[BlackElo "2310"]
[PlyCount "65"]
[EventDate "1996.??.??"]
[EventType "swiss"]
[EventRounds "11"]
[EventCountry "DEN"]
[SourceDate "2004.01.01"]

1. d4 Nf6 2. Nf3 e6 3. c4 d5 4. g3 dxc4 5. Bg2 Nc6 6. O-O Rb8 7. a4 a6 8. Bg5
Be7 9. e3 Bd7 10. b3 cxb3 11. Qxb3 h6 12. Bxf6 Bxf6 13. Nc3 O-O 14. Ne4 b6 15.
Rac1 Na5 16. Qa2 Be7 17. Ne5 Bd6 18. f4 f5 19. Nxd6 cxd6 20. Nxd7 Qxd7 21. e4
Kh8 22. d5 exd5 23. Qxd5 b5 24. Kh1 Nc4 25. Qd4 Rbe8 26. axb5 axb5 27. Ra1 Qe7
28. exf5 Rxf5 29. Ra7 Qf6 30. Qxf6 Rxf6 31. Rb7 Rf5 32. Bc6 Rd8 33. Rxb5
1/2-1/2

[Event "18. Copenhagen Open (Politiken Cup)"]
[Site "Brondby"]
[Date "1996.??.??"]
[Round "8"]
[White "Rozentalis, Eduardas"]
[Black "Korchnoi, Viktor"]
[Result "1-0"]
[WhiteElo "2605"]
[BlackElo "2645"]
[PlyCount "70"]
[EventDate "1996.??.??"]
[EventType "swiss"]
[EventRounds "11"]
[EventCountry "DEN"]
[SourceDate "2004.01.01"]

1. e4 e5 2. Nf3 Nc6 3. Bb5 Nf6 4. O-O Nxe4 5. d4 a6 6. Bd3 d5 7. Nxe5 Nxe5 8.
dxe5 Bf5 9. Qe2 Qd7 10. Nd2 Nc5 11. Bxf5 Qxf5 12. Nb3 O-O-O 13. Re1 h5 14. Nd4
Qg4 15. Qe3 Be7 16. h3 Qg6 17. b4 Ne6 18. c3 Kb8 19. a4 Bg5 20. Qg3 Nxd4 21.
cxd4 Bxc1 22. Qxg6 fxg6 23. Raxc1 Rhf8 24. b5 Rf4 25. bxa6 Rxd4 26. a7+ Ka8 27.
Rxc7 Rc4 28. Rxg7 d4 29. e6 d3 30. Rd7 Rcc8 31. Rd1 Re8 32. e7 Kxa7 33. R1xd3
Ka6 34. Kh2 Rc6 35. Re3 b6 1-0

[Event "18. Copenhagen Open (Politiken Cup)"]
[Site "Brondby"]
[Date "1996.??.??"]
[Round "8"]
[White "Schandorff, Lars"]
[Black "Christensen, Tobias"]
[Result "1-0"]
[WhiteElo "2485"]
[BlackElo "2405"]
[PlyCount "95"]
[EventDate "1996.??.??"]
[EventType "swiss"]
[EventRounds "11"]
[EventCountry "DEN"]
[SourceDate "2004.01.01"]

1. d4 Nf6 2. Nf3 e6 3. c4 b6 4. Nc3 Bb4 5. Qc2 Bb7 6. a3 Bxc3+ 7. Qxc3 d6 8. e3
Nbd7 9. Be2 O-O 10. O-O Ne4 11. Qc2 f5 12. b4 Rf6 13. d5 e5 14. Nd2 Nxd2 15.
Bxd2 c5 16. f4 Qf8 17. Bc3 cxb4 18. axb4 Rf7 19. Qd2 Qe7 20. Bd3 g6 21. e4 fxe4
22. Bxe4 exf4 23. Rxf4 Rxf4 24. Qxf4 Rf8 25. Qh6 Nf6 26. Bf3 Bc8 27. Re1 Qf7
28. Qf4 Ne8 29. Qd4 Qf6 30. Qxf6 Nxf6 31. Re7 Rf7 32. Bxf6 Rxf6 33. Rxa7 Rf7
34. Ra8 Rf8 35. Kf2 Bf5 36. Rxf8+ Kxf8 37. Ke3 Ke7 38. g4 Bb1 39. g5 Bf5 40.
Kd4 Bh3 41. Bd1 Kf7 42. c5 bxc5+ 43. bxc5 dxc5+ 44. Kxc5 Kg7 45. Kd6 h6 46. Ke7
Bg2 47. d6 Bc6 48. h4 1-0

[Event "18. Copenhagen Open (Politiken Cup)"]
[Site "Brondby"]
[Date "1996.??.??"]
[Round "8"]
[White "Steingrimsson, Hedinn"]
[Black "Hyldkrog, Lars"]
[Result "1-0"]
[WhiteElo "2405"]
[BlackElo "2075"]
[PlyCount "83"]
[EventDate "1996.??.??"]
[EventType "swiss"]
[EventRounds "11"]
[EventCountry "DEN"]
[SourceDate "2004.01.01"]

1. d4 Nf6 2. c4 e6 3. g3 d5 4. Bg2 dxc4 5. Nf3 Nc6 6. Qa4 Bd6 7. Nbd2 Bd7 8.
Qxc4 O-O 9. O-O Rb8 10. Qc2 Nb4 11. Qb1 c5 12. Nc4 Be7 13. Bf4 Rc8 14. Nd6 Rc6
15. dxc5 Nfd5 16. Ne5 Nxf4 17. gxf4 Rc7 18. Nxb7 Qb8 19. Nd6 Bb5 20. Qe4 Rxc5
21. Nxb5 Qxb5 22. a4 Qe8 23. Qb7 a5 24. Nd7 Rc2 25. Nxf8 Bxf8 26. b3 Rd2 27.
Qb5 Qxb5 28. axb5 g6 29. b6 Bd6 30. b7 Na6 31. Rxa5 Nb8 32. Rd1 Bxf4 33. Ra8
Kg7 34. Bf3 Rb2 35. Rd8 Rxb3 36. Kg2 f5 37. Raxb8 g5 38. Rg8+ Kh6 39. Rbe8 g4
40. Bc6 Rb6 41. Rxe6+ Kh5 42. Be8+ 1-0

[Event "18. Copenhagen Open (Politiken Cup)"]
[Site "Brondby"]
[Date "1996.??.??"]
[Round "8"]
[White "Strange, Mikkel"]
[Black "Fries Nielsen, Jens Ove"]
[Result "0-1"]
[WhiteElo "2245"]
[BlackElo "2420"]
[PlyCount "84"]
[EventDate "1996.??.??"]
[EventType "swiss"]
[EventRounds "11"]
[EventCountry "DEN"]
[SourceDate "2004.01.01"]

1. e4 c5 2. Nf3 e6 3. d4 cxd4 4. Nxd4 a6 5. c4 Nf6 6. Bd3 d6 7. O-O Be7 8. Nc3
O-O 9. Be3 Nbd7 10. Rc1 Ne5 11. Be2 Bd7 12. f4 Nc6 13. Bf3 Rc8 14. Qe2 Re8 15.
Nxc6 Bxc6 16. e5 dxe5 17. fxe5 Nd7 18. Be4 Bxe4 19. Nxe4 Nxe5 20. Rcd1 Qc7 21.
c5 Rcd8 22. b4 Rxd1 23. Rxd1 Rd8 24. Bf4 Rxd1+ 25. Qxd1 Qc6 26. Qd4 Nd7 27. Kf2
f5 28. Nd6 Bxd6 29. Qxd6 Qxd6 30. Bxd6 e5 31. Ke3 Kf7 32. Kd3 Ke6 33. Kc4 b5+
34. Kd3 Kd5 35. Be7 Nb8 36. Bf8 g6 37. Bg7 Nc6 38. Kc3 f4 39. a3 e4 40. Bf6 Ke6
41. Bg7 Kf5 42. Kd2 g5 0-1

[Event "18. Copenhagen Open (Politiken Cup)"]
[Site "Brondby"]
[Date "1996.??.??"]
[Round "8"]
[White "Sobjerg, Erik"]
[Black "Schneider, Stefan"]
[Result "0-1"]
[WhiteElo "2320"]
[BlackElo "2225"]
[PlyCount "90"]
[EventDate "1996.??.??"]
[EventType "swiss"]
[EventRounds "11"]
[EventCountry "DEN"]
[SourceDate "2004.01.01"]

1. e4 Nf6 2. Nc3 d5 3. e5 Nfd7 4. f4 c5 5. Nf3 Nc6 6. d4 cxd4 7. Nxd4 Nxd4 8.
Qxd4 e6 9. Be3 Bc5 10. Qd2 Qb6 11. Bxc5 Nxc5 12. O-O-O Bd7 13. Qd4 O-O-O 14. h4
Qa5 15. Rh3 Kb8 16. Rg3 Rhg8 17. Nb5 Ne4 18. Ra3 Qb6 19. Nxa7 Qxd4 20. Rxd4 f6
21. Nb5 fxe5 22. fxe5 Rgf8 23. Rf3 Rxf3 24. gxf3 Rf8 25. Bd3 Nf2 26. Nd6 Rxf3
27. Bxh7 Rg3 28. Rb4 Bc6 29. Bg8 Ng4 30. Bxe6 Nxe5 31. Nxb7 Rg1+ 32. Kd2 Nc4+
33. Kc3 Rg3+ 34. Kd4 Bxb7 35. Rxb7+ Kxb7 36. Bxd5+ Kc7 37. Kxc4 Rg4+ 38. Kc5
Rxh4 39. b4 Rh2 40. Be4 Rh5+ 41. Bd5 g5 42. a4 g4 43. a5 g3 44. b5 Rxd5+ 45.
Kxd5 g2 0-1

[Event "18. Copenhagen Open (Politiken Cup)"]
[Site "Brondby"]
[Date "1996.??.??"]
[Round "8"]
[White "Thorfinnsson, Bjorn"]
[Black "Sylvan, Jacob"]
[Result "0-1"]
[WhiteElo "2060"]
[BlackElo "2265"]
[PlyCount "106"]
[EventDate "1996.??.??"]
[EventType "swiss"]
[EventRounds "11"]
[EventCountry "DEN"]
[SourceDate "2004.01.01"]

1. d4 d5 2. c4 e6 3. Nc3 c6 4. Nf3 Nf6 5. Bg5 Nbd7 6. e3 Qa5 7. Nd2 Bb4 8. Qc1
dxc4 9. Bxf6 Nxf6 10. Nxc4 Qc7 11. a3 Be7 12. e4 O-O 13. Bd3 b6 14. Qc2 h6 15.
O-O Bb7 16. b4 Rfd8 17. Rfd1 Rac8 18. Rac1 c5 19. bxc5 bxc5 20. Nb5 Qb8 21. e5
Ne8 22. dxc5 Bxc5 23. Qb1 a6 24. Nbd6 Nxd6 25. exd6 Bd5 26. Bh7+ Kf8 27. d7 Rc7
28. Qxb8 Rxb8 29. Be4 Rxd7 30. Ne5 Rdd8 31. Bxd5 Bxa3 32. Bf3 Bxc1 33. Rxc1 Rb5
34. Ng4 a5 35. h3 a4 36. Ra1 Ra5 37. Ne3 Rc8 38. Ra3 f5 39. g3 g5 40. Be2 Rb8
41. Bc4 Ke7 42. Ba2 Kf6 43. Kg2 h5 44. Rd3 Ra6 45. Ra3 Rb4 46. g4 fxg4 47. hxg4
h4 48. Bc4 Rd6 49. Be2 Rd2 50. Bc4 Rdb2 51. Rxa4 Rxf2+ 52. Kg1 Rf3 53. Nf1 Rf4
0-1

[Event "18. Copenhagen Open (Politiken Cup)"]
[Site "Brondby"]
[Date "1996.??.??"]
[Round "8"]
[White "Thorfinnsson, Bragi"]
[Black "Nouro, Mikael"]
[Result "0-1"]
[WhiteElo "2155"]
[BlackElo "2275"]
[PlyCount "60"]
[EventDate "1996.??.??"]
[EventType "swiss"]
[EventRounds "11"]
[EventCountry "DEN"]
[SourceDate "2004.01.01"]

1. d4 Nf6 2. c4 d6 3. Nc3 e5 4. e4 exd4 5. Qxd4 Nc6 6. Qd1 g6 7. f3 Bg7 8. Be3
O-O 9. Qd2 Be6 10. Nd5 Ne5 11. Bd4 c6 12. Ne3 Re8 13. O-O-O Qc7 14. Qc2 a6 15.
Kb1 b5 16. g4 Nfd7 17. Be2 Nb6 18. c5 dxc5 19. Bxc5 Nbd7 20. Nh3 Nxc5 21. Qxc5
Qa5 22. b3 Nd7 23. Qc2 Bxb3 24. Qxb3 Nc5 25. Qc2 Qb4+ 26. Kc1 Qa3+ 27. Kd2
Rad8+ 28. Ke1 Qxe3 29. Kf1 Rxd1+ 30. Qxd1 Nxe4 0-1

[Event "18. Copenhagen Open (Politiken Cup)"]
[Site "Brondby"]
[Date "1996.??.??"]
[Round "8"]
[White "Tisdall, Jonathan D"]
[Black "Hodgson, Julian"]
[Result "1/2-1/2"]
[WhiteElo "2510"]
[BlackElo "2615"]
[PlyCount "32"]
[EventDate "1996.??.??"]
[EventType "swiss"]
[EventRounds "11"]
[EventCountry "DEN"]
[SourceDate "2004.01.01"]

1. e4 c5 2. c3 d6 3. d4 Nf6 4. Bd3 cxd4 5. cxd4 e5 6. d5 Be7 7. Nc3 O-O 8. Nf3
Nbd7 9. h3 Ne8 10. Be3 g6 11. Qc2 Ndf6 12. O-O-O Nh5 13. Kb1 Nf4 14. Bf1 Nh5
15. Bd3 Nf4 16. Bf1 Nh5 1/2-1/2

[Event "18. Copenhagen Open (Politiken Cup)"]
[Site "Brondby"]
[Date "1996.??.??"]
[Round "8"]
[White "Wolski, Thomas"]
[Black "Lobejko, Rafal"]
[Result "1/2-1/2"]
[WhiteElo "2310"]
[BlackElo "2215"]
[PlyCount "63"]
[EventDate "1996.??.??"]
[EventType "swiss"]
[EventRounds "11"]
[EventCountry "DEN"]
[SourceDate "2004.01.01"]

1. d4 Nf6 2. c4 g6 3. Nc3 Bg7 4. e4 d6 5. Nf3 O-O 6. Be2 a6 7. O-O Nbd7 8. Rb1
c5 9. d5 b5 10. cxb5 axb5 11. Bxb5 Ba6 12. Bxa6 Rxa6 13. Nd2 Qa8 14. b3 Nh5 15.
Qc2 Rb8 16. a4 Nf4 17. Re1 Ne5 18. Re3 Qa7 19. Nd1 Qd7 20. h3 e6 21. dxe6 Nxe6
22. Nc3 Nd4 23. Qd1 Rab6 24. Nd5 R6b7 25. f4 Nec6 26. Kh1 f5 27. Qf1 Qf7 28.
Qc4 Na5 29. Qa6 Nac6 30. Qc4 Na5 31. Qa6 Nac6 32. Qc4 1/2-1/2

[Event "18. Copenhagen Open (Politiken Cup)"]
[Site "Brondby"]
[Date "1996.??.??"]
[Round "8"]
[White "Zakariasen, Peter"]
[Black "Pedersen, Henrik Dahl"]
[Result "0-1"]
[WhiteElo "2005"]
[BlackElo "2055"]
[PlyCount "30"]
[EventDate "1996.??.??"]
[EventType "swiss"]
[EventRounds "11"]
[EventCountry "DEN"]
[SourceDate "2004.01.01"]

1. e4 c6 2. Ne2 d5 3. e5 Bf5 4. Nd4 Nh6 5. Be2 c5 6. Nxf5 Nxf5 7. O-O e6 8. d3
Nc6 9. f4 h5 10. Bf3 c4 11. c3 cxd3 12. Qxd3 Bc5+ 13. Kh1 Qh4 14. Bxd5 O-O-O
15. g3 Qg4 0-1

[Event "18. Copenhagen Open (Politiken Cup)"]
[Site "Brondby"]
[Date "1996.??.??"]
[Round "9"]
[White "Andersson, Christin"]
[Black "Coleman, David"]
[Result "0-1"]
[WhiteElo "2040"]
[BlackElo "2255"]
[PlyCount "82"]
[EventDate "1996.??.??"]
[EventType "swiss"]
[EventRounds "11"]
[EventCountry "DEN"]
[SourceDate "2004.01.01"]

1. e4 c5 2. Nf3 d6 3. Bc4 Nf6 4. d3 e6 5. O-O Be7 6. Bg5 O-O 7. Nbd2 Nc6 8. c3
b6 9. Bb5 Bb7 10. d4 h6 11. Bh4 Rc8 12. Bd3 cxd4 13. Nxd4 d5 14. Nxc6 Bxc6 15.
e5 Ne4 16. Bxe7 Qxe7 17. Bxe4 dxe4 18. Qg4 Qc5 19. Qf4 Qd5 20. f3 f5 21. fxe4
fxe4 22. Qe3 Qxe5 23. Rfe1 Rcd8 24. Nf3 Qd5 25. Nd4 Bb7 26. Qh3 Bc8 27. Qe3 e5
28. Nb3 Ba6 29. Qxe4 Rf1+ 30. Rxf1 Qxe4 31. Rae1 Qd5 32. Rf5 Bb7 33. Re2 Qd1+
34. Kf2 e4 35. Nd4 Rxd4 36. cxd4 Qxd4+ 37. Ke1 Ba6 38. Ref2 e3 39. Rc2 Qd3 40.
Rff2 exf2+ 41. Rxf2 Qe3+ 0-1

[Event "18. Copenhagen Open (Politiken Cup)"]
[Site "Brondby"]
[Date "1996.??.??"]
[Round "9"]
[White "Baburin, Alexander"]
[Black "Emms, John"]
[Result "1/2-1/2"]
[WhiteElo "2505"]
[BlackElo "2500"]
[PlyCount "71"]
[EventDate "1996.??.??"]
[EventType "swiss"]
[EventRounds "11"]
[EventCountry "DEN"]
[SourceDate "2004.01.01"]

1. d4 Nf6 2. c4 e6 3. Nc3 Bb4 4. Qc2 d5 5. a3 Bxc3+ 6. Qxc3 Ne4 7. Qc2 c5 8.
dxc5 Nc6 9. e3 Qa5+ 10. Bd2 Nxd2 11. Qxd2 dxc4 12. Qxa5 Nxa5 13. Rc1 b5 14.
cxb6 Bb7 15. Nf3 Ke7 16. bxa7 Bxf3 17. gxf3 Rxa7 18. Rg1 Rb8 19. Rxg7 Rxb2 20.
Bxc4 Rc7 21. Rxf7+ Kxf7 22. Bxe6+ Kxe6 23. Rxc7 h5 24. Kf1 Nb3 25. Kg2 Nd2 26.
h4 Rb5 27. Rc6+ Kf7 28. Rc2 Nb1 29. a4 Ra5 30. Rc4 Nd2 31. Rb4 Ra6 32. Rb5 Kg6
33. Rd5 Nb3 34. Rb5 Nd2 35. Rd5 Nb3 36. Rb5 1/2-1/2

[Event "18. Copenhagen Open (Politiken Cup)"]
[Site "Brondby"]
[Date "1996.??.??"]
[Round "9"]
[White "Brinck Claussen, Bjorn"]
[Black "Berg, Emanuel"]
[Result "1/2-1/2"]
[WhiteElo "2380"]
[BlackElo "2180"]
[PlyCount "62"]
[EventDate "1996.??.??"]
[EventType "swiss"]
[EventRounds "11"]
[EventCountry "DEN"]
[SourceDate "2004.01.01"]

1. e4 e6 2. d4 d5 3. Nd2 Nf6 4. e5 Nfd7 5. f4 c5 6. c3 Nc6 7. Ndf3 Qb6 8. g3
cxd4 9. cxd4 Bb4+ 10. Kf2 f6 11. Kg2 O-O 12. Bd3 fxe5 13. fxe5 Nxd4 14. Nxd4
Nxe5 15. Bf4 Nxd3 16. Qxd3 Bd6 17. Bxd6 Qxd6 18. Nb5 Qb6 19. Nf3 Rxf3 20. Kxf3
Bd7 21. Qd4 Qxb5 22. Rhe1 Rf8+ 23. Kg2 Rc8 24. Rac1 Rxc1 25. Rxc1 Qe2+ 26. Kg1
Bc6 27. Rf1 h6 28. Rf2 Qe1+ 29. Rf1 Qe2 30. Rf2 Qe1+ 31. Rf1 Qe2 1/2-1/2

[Event "18. Copenhagen Open (Politiken Cup)"]
[Site "Brondby"]
[Date "1996.??.??"]
[Round "9"]
[White "Christensen, Tobias"]
[Black "Bromann, Thorbjorn"]
[Result "1-0"]
[WhiteElo "2405"]
[BlackElo "2220"]
[PlyCount "69"]
[EventDate "1996.??.??"]
[EventType "swiss"]
[EventRounds "11"]
[EventCountry "DEN"]
[SourceDate "2004.01.01"]

1. d4 d5 2. c4 e6 3. Nc3 c6 4. cxd5 exd5 5. Bf4 Bd6 6. Bg3 Nf6 7. e3 Ne4 8.
Nxe4 dxe4 9. Ne2 O-O 10. Nc3 f5 11. Bc4+ Kh8 12. O-O Bxg3 13. fxg3 b5 14. Bb3
Qe7 15. g4 b4 16. Na4 fxg4 17. Rxf8+ Qxf8 18. Qc2 Qe8 19. Rf1 g6 20. Qc5 Bf5
21. Rxf5 gxf5 22. Qxf5 Qe7 23. Qc8+ Kg7 24. Qxg4+ Kh6 25. Nc5 a5 26. Ne6 a4 27.
Qf4+ Kg6 28. Qxe4+ Kf7 29. Qxh7+ Ke8 30. Nc7+ Kd8 31. Qxe7+ Kxe7 32. Nxa8 axb3
33. axb3 Na6 34. h4 c5 35. g4 1-0

[Event "18. Copenhagen Open (Politiken Cup)"]
[Site "Brondby"]
[Date "1996.??.??"]
[Round "9"]
[White "Eriksson, Ingela S"]
[Black "Hvenekilde, Jorgen"]
[Result "1/2-1/2"]
[WhiteElo "2095"]
[BlackElo "2315"]
[PlyCount "51"]
[EventDate "1996.??.??"]
[EventType "swiss"]
[EventRounds "11"]
[EventCountry "DEN"]
[SourceDate "2004.01.01"]

1. e4 e5 2. Nf3 d6 3. d4 exd4 4. Nxd4 g6 5. Nc3 Bg7 6. Be3 Nf6 7. f3 O-O 8. Qd2
Re8 9. Bc4 a6 10. a4 Nbd7 11. O-O Ne5 12. Bb3 c5 13. Nde2 Be6 14. Rfd1 Bxb3 15.
cxb3 Qb6 16. Qxd6 Qxb3 17. Qxc5 Rac8 18. Qb6 Qxb6 19. Bxb6 Nfd7 20. Bf2 Nc5 21.
Nf4 Nc4 22. Rd5 Nb3 23. Ra2 Nc1 24. Ra1 Nb3 25. Ra2 Nc1 26. Ra1 1/2-1/2

[Event "18. Copenhagen Open (Politiken Cup)"]
[Site "Brondby"]
[Date "1996.??.??"]
[Round "9"]
[White "Fries Nielsen, Jens Ove"]
[Black "Hellsten, Johan"]
[Result "1-0"]
[WhiteElo "2420"]
[BlackElo "2475"]
[PlyCount "51"]
[EventDate "1996.??.??"]
[EventType "swiss"]
[EventRounds "11"]
[EventCountry "DEN"]
[SourceDate "2004.01.01"]

1. d4 Nf6 2. Nf3 e6 3. e3 c5 4. Bd3 d5 5. O-O Nc6 6. b3 Bd6 7. Bb2 O-O 8. Nbd2
Qe7 9. Ne5 Rd8 10. a3 Nd7 11. f4 Nf8 12. Qh5 f6 13. Rf3 Qe8 14. Qh4 cxd4 15.
exd4 h5 16. Raf1 fxe5 17. fxe5 Be7 18. Qg3 Bd7 19. Rf4 Rdc8 20. Nf3 Qd8 21. Ng5
Qb6 22. Rf7 g6 23. Nxe6 Nxe5 24. Qxe5 Nxe6 25. Bxg6 Nf4 26. Qg7# 1-0

[Event "18. Copenhagen Open (Politiken Cup)"]
[Site "Brondby"]
[Date "1996.??.??"]
[Round "9"]
[White "Gausel, Einar"]
[Black "Djurhuus, Rune"]
[Result "1/2-1/2"]
[WhiteElo "2515"]
[BlackElo "2505"]
[PlyCount "102"]
[EventDate "1996.??.??"]
[EventType "swiss"]
[EventRounds "11"]
[EventCountry "DEN"]
[SourceDate "2004.01.01"]

1. e4 e5 2. Nf3 Nc6 3. Bb5 a6 4. Bxc6 dxc6 5. O-O Ne7 6. Na3 Ng6 7. Nc4 f6 8.
d4 Bg4 9. dxe5 Qxd1 10. Rxd1 Nxe5 11. Ncxe5 fxe5 12. Rd3 Bd6 13. h3 Bh5 14. Nh4
O-O-O 15. Bg5 Rd7 16. g4 Be8 17. Rad1 h6 18. Be3 g6 19. Kg2 c5 20. b3 b6 21.
Kg3 Rg7 22. f3 Rd7 23. Ng2 Bf7 24. c4 Be6 25. Bc1 Re7 26. Bb2 Rd7 27. Bc1 Re7
28. Ne3 Kb7 29. Bb2 Rf8 30. Ng2 Kc6 31. Bc1 Rh8 32. f4 exf4+ 33. Bxf4 Bxf4+ 34.
Nxf4 Bf7 35. Re3 Rhe8 36. Rde1 g5 37. Nd5 Re5 38. Rf3 Bg6 39. Rf6+ R5e6 40. e5
b5 41. Ref1 bxc4 42. bxc4 Bd3 43. Rxe6+ Rxe6 44. Rf6 Kd7 45. Rf7+ Kd8 46. Rxc7
Bxc4 47. Rxc5 Rxe5 48. Rxc4 Rxd5 49. Rc6 Rd3+ 50. Kg2 Rd2+ 51. Kf3 Rd3+ 1/2-1/2

[Event "18. Copenhagen Open (Politiken Cup)"]
[Site "Brondby"]
[Date "1996.??.??"]
[Round "9"]
[White "Guindy, Esmat"]
[Black "Bonnez, Finn"]
[Result "1-0"]
[WhiteElo "2060"]
[BlackElo "2205"]
[PlyCount "59"]
[EventDate "1996.??.??"]
[EventType "swiss"]
[EventRounds "11"]
[EventCountry "DEN"]
[SourceDate "2004.01.01"]

1. d4 f5 2. g3 e6 3. Bg2 d5 4. Nf3 Nf6 5. O-O Be7 6. c4 c6 7. Nc3 O-O 8. Bf4
Bd7 9. Qb3 b6 10. Rac1 Na6 11. cxd5 Nxd5 12. Nxd5 cxd5 13. Ne5 Be8 14. Nc6 Bxc6
15. Rxc6 Kf7 16. Rfc1 Qd7 17. Rxe6 Kxe6 18. Bxd5+ Kf6 19. Rc6+ Qxc6 20. Bxc6
Rad8 21. Qb5 Nb4 22. Qe5+ Kg6 23. Bf3 Bd6 24. Qxd6+ Rxd6 25. Bxd6 Rd8 26. Bxb4
Rxd4 27. Bc3 Rd7 28. e4 h6 29. e5 Kf7 30. Be2 1-0

[Event "18. Copenhagen Open (Politiken Cup)"]
[Site "Brondby"]
[Date "1996.??.??"]
[Round "9"]
[White "Hansen, Gunnar West"]
[Black "Schultz Pedersen, Jesper"]
[Result "1-0"]
[WhiteElo "2295"]
[BlackElo "2215"]
[PlyCount "61"]
[EventDate "1996.??.??"]
[EventType "swiss"]
[EventRounds "11"]
[EventCountry "DEN"]
[SourceDate "2004.01.01"]

1. e4 Nc6 2. Nf3 d5 3. exd5 Qxd5 4. Nc3 Qa5 5. Bc4 Bg4 6. h3 Bh5 7. Bb5 a6 8.
Bxc6+ bxc6 9. Qe2 Rd8 10. Qe5 Qxe5+ 11. Nxe5 Rd6 12. O-O f6 13. Nc4 Rd8 14. d3
e6 15. Be3 Bd6 16. Ne4 Ne7 17. Bc5 Nc8 18. Be3 Kd7 19. Rfe1 Bf7 20. a3 Ne7 21.
Bc5 Nc8 22. Bb4 Rhe8 23. Na5 f5 24. Ng5 Re7 25. Nb7 Rde8 26. d4 Nb6 27. Nc5+
Kc8 28. Nxa6 Nd5 29. Nc5 Nxb4 30. axb4 Bxc5 31. bxc5 1-0

[Event "18. Copenhagen Open (Politiken Cup)"]
[Site "Brondby"]
[Date "1996.??.??"]
[Round "9"]
[White "Hansen, Lars"]
[Black "Olsen, Heini"]
[Result "1-0"]
[WhiteElo "2250"]
[BlackElo "2325"]
[PlyCount "147"]
[EventDate "1996.??.??"]
[EventType "swiss"]
[EventRounds "11"]
[EventCountry "DEN"]
[SourceDate "2004.01.01"]

1. e4 c6 2. d4 d5 3. Nc3 dxe4 4. Nxe4 Nd7 5. Bc4 Ngf6 6. Ng5 e6 7. Qe2 Nb6 8.
Bd3 h6 9. N5f3 c5 10. dxc5 Bxc5 11. Ne5 Nbd7 12. Ngf3 Qc7 13. O-O O-O 14. Bf4
Bd6 15. Rfe1 b6 16. Rad1 Nxe5 17. Nxe5 Bb7 18. Bg3 Rad8 19. c3 Bd5 20. Bb1 Rfe8
21. Rd4 Qb7 22. Bh4 g5 23. Bg3 Bc5 24. h4 Bxd4 25. cxd4 Qe7 26. hxg5 hxg5 27.
f4 Nd7 28. Qh5 f5 29. Ng6 Qf6 30. Rd1 Kg7 31. Ne5 Nxe5 32. fxg5 Nf3+ 33. gxf3
Qg6 34. Be5+ Kf7 35. Qxg6+ Kxg6 36. Bf6 Rd7 37. Kf2 Rh7 38. Kg3 Rc8 39. b3 Rc3
40. Bd3 Be4 41. Be2 Rc2 42. Bb5 Bc6 43. Bxc6 Rxc6 44. Rd2 Rc1 45. Kf4 Re1 46.
Rc2 Rh4+ 47. Kg3 Reh1 48. Be5 Kxg5 49. Rc8 Kg6 50. Rg8+ Kf7 51. Rg7+ Ke8 52.
Rxa7 Rh7 53. Ra8+ Kd7 54. a4 Re7 55. b4 Kc6 56. Rb8 Ra7 57. b5+ Kd7 58. Rxb6
Rxa4 59. Rb7+ Kc8 60. Rc7+ Kd8 61. b6 Rg1+ 62. Kf2 Rb1 63. b7 Rxd4 64. Rc8+ Kd7
65. b8=Q Rxb8 66. Rxb8 Rd5 67. f4 Rd3 68. Rb7+ Kc6 69. Rc7+ Kb5 70. Re7 Rd8 71.
Rxe6 Kc5 72. Rf6 Kd5 73. Rxf5 Ke4 74. Rf7 1-0

[Event "18. Copenhagen Open (Politiken Cup)"]
[Site "Brondby"]
[Date "1996.??.??"]
[Round "9"]
[White "Harestad, Hans"]
[Black "Ksieski, Zbigniew"]
[Result "0-1"]
[WhiteElo "2145"]
[BlackElo "2400"]
[PlyCount "150"]
[EventDate "1996.??.??"]
[EventType "swiss"]
[EventRounds "11"]
[EventCountry "DEN"]
[SourceDate "2004.01.01"]

1. d4 Nf6 2. c4 e6 3. Nc3 Bb4 4. Qc2 c5 5. dxc5 Na6 6. a3 Qa5 7. Bd2 Nxc5 8.
Nf3 Bxc3 9. Bxc3 Qa4 10. Qxa4 Nxa4 11. Bxf6 gxf6 12. O-O-O Nc5 13. Nd2 f5 14.
b4 Ne4 15. Nxe4 fxe4 16. Rd4 f5 17. e3 Rg8 18. g3 b6 19. Be2 Bb7 20. Rhd1 Rg7
21. Bh5+ Kd8 22. Kb2 Kc7 23. R1d2 Rd8 24. Rd6 Bd5 25. R6xd5 exd5 26. Rxd5 Rf8
27. Kc3 Re7 28. Be2 Re6 29. Bf1 Rd6 30. Kd4 Rxd5+ 31. Kxd5 Re8 32. Bh3 d6 33.
Kd4 Re5 34. Bf1 a5 35. b5 Rc5 36. a4 Kd7 37. Bh3 Ke7 38. Bf1 Ke6 39. Be2 d5 40.
Bf1 Kd6 41. Be2 Rc7 42. Bf1 dxc4 43. Bxc4 h6 44. h3 h5 45. h4 Rc8 46. Kc3 Ke5
47. Kb3 Rc7 48. Kc3 Rd7 49. Be2 Rd6 50. Kc2 Rh6 51. Kc3 Kd5 52. Bc4+ Ke5 53.
Be2 Rh8 54. Bf1 Rc8+ 55. Bc4 Rc5 56. Kb3 Rc8 57. Kc3 Rc7 58. Kb3 Rd7 59. Kc2
Kd6 60. Kc3 Kc5 61. Be2 Rd5 62. Bxh5 f4 63. g4 fxe3 64. fxe3 Rd3+ 65. Kc2 Rxe3
66. Bf7 Rf3 67. Bg6 Kd4 68. h5 Rh3 69. g5 Rg3 70. h6 Rxg5 71. h7 Rg2+ 72. Kd1
Rh2 73. Ke1 Ke3 74. Kf1 Kf3 75. Kg1 Rh6 0-1

[Event "18. Copenhagen Open (Politiken Cup)"]
[Site "Brondby"]
[Date "1996.??.??"]
[Round "9"]
[White "Hartung Nielsen, Jens"]
[Black "Preuss, Flemming"]
[Result "1-0"]
[WhiteElo "2260"]
[BlackElo "2100"]
[PlyCount "33"]
[EventDate "1996.??.??"]
[EventType "swiss"]
[EventRounds "11"]
[EventCountry "DEN"]
[SourceDate "2004.01.01"]

1. d4 f5 2. g3 Nf6 3. Bg2 d6 4. Nf3 c6 5. O-O Qc7 6. Nc3 e5 7. dxe5 dxe5 8. e4
fxe4 9. Ng5 Bf5 10. Ngxe4 Nbd7 11. Bg5 Be7 12. Bxf6 gxf6 13. Qf3 Be6 14. Bh3
Bf7 15. Rad1 O-O-O 16. Nxf6 Bxf6 17. Qxf6 1-0

[Event "18. Copenhagen Open (Politiken Cup)"]
[Site "Brondby"]
[Date "1996.??.??"]
[Round "9"]
[White "Jakobsen, Ole"]
[Black "Pedersen, Hans Dahl"]
[Result "1-0"]
[WhiteElo "2390"]
[BlackElo "2185"]
[PlyCount "95"]
[EventDate "1996.??.??"]
[EventType "swiss"]
[EventRounds "11"]
[EventCountry "DEN"]
[SourceDate "2004.01.01"]

1. d4 f5 2. Nf3 Nf6 3. g3 e6 4. Bg2 d5 5. O-O Bd6 6. c4 c6 7. b3 Qe7 8. a4 O-O
9. Ba3 Bd7 10. Bxd6 Qxd6 11. Nbd2 Be8 12. c5 Qe7 13. b4 Ne4 14. Ne5 g5 15. Nxe4
fxe4 16. f3 Nd7 17. Nxd7 Qxd7 18. Qd2 Bg6 19. Qxg5 Qg7 20. Qe3 e5 21. dxe5 Qxe5
22. Rad1 Rae8 23. f4 Qg7 24. g4 Re7 25. Qd4 Qh6 26. f5 Be8 27. Qf2 Rg7 28. Qg3
Bd7 29. h3 Bxf5 30. Qh2 Bc8 31. Rxf8+ Kxf8 32. Qb8 Qe6 33. Bxe4 Ke7 34. Qc7+
Bd7 35. Bf3 Qe3+ 36. Kg2 h5 37. Rd3 Qg5 38. Qd6+ Ke8 39. h4 Qe7 40. Qxe7+ Kxe7
41. g5 Be8 42. Kg3 Kd8 43. a5 Re7 44. e4 Bg6 45. Rd4 Kc7 46. exd5 cxd5 47. Rxd5
Re3 48. Rd4 1-0